Mantras y ofrendas /
Guardado en:
| Autor principal: | |
|---|---|
| Formato: | Desconocido |
| Lenguaje: | Spanish |
| Publicado: |
Venezuela :
Universidad de los Andes,
1998.
|
| Materias: | |
| Etiquetas: |
Agregar Etiqueta
Sin Etiquetas, Sea el primero en etiquetar este registro!
|
MARC
| LEADER | 000000000a22000000004500 | ||
|---|---|---|---|
| 001 | 003934 | ||
| 020 | |a 98011024446 | ||
| 041 | 0 | |a spa | |
| 082 | 0 | 4 | |a V861.4 |b S487m |
| 100 | 1 | |a Serra, Jesús | |
| 245 | 1 | 0 | |a Mantras y ofrendas / |c Jesús Serra. |
| 260 | 1 | |a Venezuela : |b Universidad de los Andes, |c 1998. | |
| 300 | |a 70 páginas | ||
| 650 | 4 | |a LITERATURA VENEZOLANA | |
| 650 | 4 | |a POESIA | |
| 999 | |c 10267 |d 10267 | ||
| 942 | |c BK |h V861.4 S487m |2 z | ||
